Score 0/6 Timer 10:00
0 Plays Today
Hint Answer % Correct
It is decidedconstituitur
100%
It was being decidedconstituebatur
84%
It will be dicidedconstituetur
64%
It was decidedconstitutum est
64%
It had been decidedconstitutum erat
64%
It will have been decidedconstitutum erit
64%
Remove Ads.
Support Sporcle.
Get the best of Sporcle when you Go Orange. This ad-free experience offers more features, more stats, and more fun while also helping to support Sporcle. Thank you for becoming a member.

You're not logged in!

Compare scores with friends on all Sporcle quizzes.
OR
Log In

Sporcle TV

Today on Sporcle TV


Watch our educational content, quiz creation guides, and fun videos on Sporcle TV.

Show Comments

Extras

Created Nov 22, 2017ReportNominate
Tags:3rd, Person, Singular

Top Quizzes Today


Score Distribution

Paid Content

Your Account Isn't Verified!

In order to create a playlist on Sporcle, you need to verify the email address you used during registration. Go to your Sporcle Settings to finish the process.

Report this User

Report this user for behavior that violates our Community Guidelines.

Details: